Sports Quiz

Random Sports or MLB Quiz

Yankees Retired Numbers Quiz Stats

 Plays Quiz Updated Jun 25, 2019

Score 0/22 Timer 03:00
35 Plays Today
Uniform Number Player/Manager % Correct
3Babe Ruth
94.7%
2Derek Jeter
81.6%
7Mickey Mantle
78.3%
4Lou Gehrig
76.8%
5Joe DiMaggio
75.6%
42Jackie Robinson/Mariano Rivera
73.4%
8Yogi Berra
71.4%
44Reggie Jackson
63.2%
9Roger Maris
56%
23Don Mattingly
52.6%
1Billy Martin
52.1%
Uniform Number Player/Manager % Correct
51Bernie Williams
52%
15Thurman Munson
49.4%
16Whitey Ford
49.2%
6Joe Torre
46.8%
20Jorge Posada
46.7%
46Andy Pettitte
38.3%
10Phil Rizzuto
38.3%
49Ron Guidry
34.3%
8Bill Dickey
30.3%
37Casey Stengel
30.3%
32Elston Howard
27.5%

You're not logged in!

Compare scores with friends on all Sporcle quizzes.
OR
Log In

Sporcle TV

Today on Sporcle TV


Watch our educational content, quiz creation guides, and fun videos on Sporcle TV.

Show Comments

Extras

Top Quizzes Today


Score Distribution

Your Account Isn't Verified!

In order to create a playlist on Sporcle, you need to verify the email address you used during registration. Go to your Sporcle Settings to finish the process.

Report this User

Report this user for behavior that violates our Community Guidelines.

Details: